| 000 | 00545nam a2200181Ia 4500 | ||
|---|---|---|---|
| 003 | GCL | ||
| 008 | 140319s9999 xx 000 0 eng d | ||
| 040 |
_aGCL / _cGCL |
||
| 082 | 0 | 4 |
_a327.172 _bU P |
| 100 | 1 | _aUNITED NATIONS | |
| 245 | 1 | 0 |
_aPROMOTING A CULTURE FOR PEACE IN THE MIDLLE EAST AN ISRAELI - PALESTINIAN DIALOGUE / _cUNITED NATIONS |
| 260 |
_a[S.N] : _bUNITED NATIONS UNIVERSITY PRESS ، _c1994 |
||
| 300 | _a193 P | ||
| 650 | 0 | 4 | _aISRAEL - ARAB CONFLICT |
| 650 | 0 | 4 | _aINTERNATIONAL RELATIONS |
| 650 | 0 | 4 | _aPEACE |
| 942 |
_2ddc _cBK |
||
| 999 |
_c15023 _d15023 |
||